ბათუმის შოთა რუსთაველის სახელმწიფო უნივერსიტეტის ბიბლიოთეკა

ქალაქ ბათუმის განათლებისა და კულტურის ისტორიის საკითხები : (ბიბ.ჩანაწერი № 37993)

000 -ლიდერი
ფიქსირებული სიგრძის საკონტროლო ველი 01063nam a2200229Ia 4500
001 - საკონტროლო ნომერი
საკონტროლო ველი 3977
003 - საკონტროლო ნომრის იდენტიფიკატორი
საკონტროლო ველი GE_BSU
005 - ბოლო ოპერაციის თარიღი და დრო
საკონტროლო ველი 20190902152800.0
008 - ფიქსირებული სიგრძის მონაცემთა ელემენტები - ზოგადი ინფორმაცია
ფიქსირებული სიგრძის საკონტროლო ველი 181216s1996||||ge |||||||||||||| ||geo||
040 ## - კატალოგიზაციის წყარო
Transcribing agency GE_BSU
080 ## - უნივერსალური ათობითი კლასიფიკაციის ინდექსი
Universal Decimal Classification number 37(091)+008(081) კ–71
100 ## - მთავარი ჩანაწერი - პიროვნების სახელი
Personal name კომახიძე, თეიმურაზ
9 (RLIN) 3432
245 ## - ცნობა სათაურის შესახებ
Title ქალაქ ბათუმის განათლებისა და კულტურის ისტორიის საკითხები :
Remainder of title წ. 1. /
Statement of responsibility, etc რედ. დ. ხახუტაიშვილი.
264 ## - წარმოების, გამოცემის, დისტრიბუციის და სხვა ცნობები
გამოცემის, წარმოების, დისტრიბუციის... ადგილი ბათუმი :
გამოცემის, წარმოების, დისტრიბუციის... სახელწოდება აჭარა,
გამოცემის, წარმოების, დისტრიბუციის... თარიღი 1996.
300 ## - ფიზიკური აღწერა
Extent 240 გვ. ;
Other physical details 20 სმ.
504 ## - BIBLIOGRAPHY, ETC. NOTE
Bibliography, etc ბიბლიოგრ.: გვ. 241.
653 ## - INDEX TERM--UNCONTROLLED
Uncontrolled term ბათუმის ისტორია
653 ## - INDEX TERM--UNCONTROLLED
Uncontrolled term აჭარის განათლების ისტორია
653 ## - INDEX TERM--UNCONTROLLED
Uncontrolled term აჭარის კულტურის ისტორია
700 ## - ADDED ENTRY--PERSONAL NAME
Personal name ხახუტაიშვილი, დ.
Relator term რედაქტორი
9 (RLIN) 3863
942 ## - ADDED ENTRY ELEMENTS (KOHA)
Koha item type წიგნი
Source of classification or shelving scheme
ეგზემპლარები
ჩამოწერის სტატუსი დაკარგული ეგზემპლარის სტატუსი კლასიფიკაციის წყარო ან თაროზე გაწყობის სქემა დაზიანების სტატუსი არ გაიცემა მუდმივი მდებარეობა (დაცვის ადგილი) ამჟამინდელი ადგილსამყოფელი თაროზე განთავსების ადგილი შეძენის თარიღი ღირებულება, შესყიდვის ნორმალური ფასი სრული შენახვის შიფრი შტრიხკოდი ბოლო ოპერაციის თარიღი ეგზემპლარის მიმდევრობითი ნომერი (კეტერი?) ფასის ძალაში შესვლის თარიღი ეგზემპლარის სახეობა საჯარო შენიშვნა
          ბათუმის შოთა რუსთაველის სახელმწიფო უნივერსიტეტის მთავარი ბიბლიოთეკა ბათუმის შოთა რუსთაველის სახელმწიფო უნივერსიტეტის მთავარი ბიბლიოთეკა წიგნსაცავი 2018-12-17 4.00 37(091)+008(081) კ–71 5563 2018-12-17 5563 2018-12-17 წიგნი 4 ლ.